<?xml version="1.0" encoding="UTF-8"?><?xml-stylesheet type="text/xsl" href="static/style.xsl"?><OAI-PMH xmlns="http://www.openarchives.org/OAI/2.0/" xmlns:xsi="http://www.w3.org/2001/XMLSchema-instance" xsi:schemaLocation="http://www.openarchives.org/OAI/2.0/ http://www.openarchives.org/OAI/2.0/OAI-PMH.xsd"><responseDate>2026-06-30T05:25:49Z</responseDate><request verb="GetRecord" identifier="oai:riubu.ubu.es:10259/11846" metadataPrefix="marc">https://riubu.ubu.es/oai/request</request><GetRecord><record><header><identifier>oai:riubu.ubu.es:10259/11846</identifier><datestamp>2026-06-17T00:05:32Z</datestamp><setSpec>com_10259_3830</setSpec><setSpec>com_10259_5086</setSpec><setSpec>com_10259_2604</setSpec><setSpec>col_10259_3832</setSpec></header><metadata><record xmlns="http://www.loc.gov/MARC21/slim" xmlns:doc="http://www.lyncode.com/xoai" xmlns:xsi="http://www.w3.org/2001/XMLSchema-instance" xmlns:dcterms="http://purl.org/dc/terms/" xsi:schemaLocation="http://www.loc.gov/MARC21/slim http://www.loc.gov/standards/marcxml/schema/MARC21slim.xsd">
<leader>00925njm 22002777a 4500</leader>
<datafield tag="042" ind1=" " ind2=" ">
<subfield code="a">dc</subfield>
</datafield>
<datafield tag="720" ind1=" " ind2=" ">
<subfield code="a">Galán Ordax, José Manuel</subfield>
<subfield code="e">author</subfield>
</datafield>
<datafield tag="720" ind1=" " ind2=" ">
<subfield code="a">Díaz de la Fuente, Silvia</subfield>
<subfield code="e">author</subfield>
</datafield>
<datafield tag="720" ind1=" " ind2=" ">
<subfield code="a">Ahedo García, Virginia</subfield>
<subfield code="e">author</subfield>
</datafield>
<datafield tag="720" ind1=" " ind2=" ">
<subfield code="a">Santos Martín, José Ignacio</subfield>
<subfield code="e">author</subfield>
</datafield>
<datafield tag="260" ind1=" " ind2=" ">
<subfield code="c">2026-03</subfield>
</datafield>
<datafield tag="520" ind1=" " ind2=" ">
<subfield code="a">In the context of infectious diseases, the assignment of students to classroom groups&#xd;
can significantly influence infection dynamics within school environments,&#xd;
particularly when sibling relationships introduce latent connections between&#xd;
otherwise unconnected groups. Traditional grouping methods and pandemic-era&#xd;
bubble strategies do not explicitly optimize student network structures or account for&#xd;
equity in exposure. This study introduces the Sibling Rewiring Problem, a novel&#xd;
multi-objective framework for student assignment that aims to maximize network&#xd;
fragmentation, reduce potential contagion pathways and minimize variance in group&#xd;
sizes and epidemiological exposure—thereby promoting fairness. We compared&#xd;
baseline, heuristic, and metaheuristic strategies in realistic school scenarios. A simple&#xd;
heuristic that assigns siblings to the same classroom line when feasible consistently&#xd;
achieves substantial network fragmentation with minimal impact on equity.&#xd;
Simulated Annealing further improved these results, particularly in complex&#xd;
configurations with densely connected sibling networks. Our findings suggest that&#xd;
family-aware classroom assignments can enhance epidemiological resilience while&#xd;
maintaining socially acceptable distributions. This approach provides a practical and&#xd;
scalable framework for integrating public health considerations into educational&#xd;
planning and may inform future decision-making in both emergency and routine&#xd;
contexts</subfield>
</datafield>
<datafield tag="024" ind2=" " ind1="8">
<subfield code="a">https://hdl.handle.net/10259/11846</subfield>
</datafield>
<datafield tag="024" ind2=" " ind1="8">
<subfield code="a">10.7717/peerj-cs.3710</subfield>
</datafield>
<datafield tag="024" ind2=" " ind1="8">
<subfield code="a">2376-5992</subfield>
</datafield>
<datafield ind1=" " ind2=" " tag="653">
<subfield code="a">Classroom assignment</subfield>
</datafield>
<datafield ind1=" " ind2=" " tag="653">
<subfield code="a">Sibling networks</subfield>
</datafield>
<datafield ind1=" " ind2=" " tag="653">
<subfield code="a">Epidemic risk</subfield>
</datafield>
<datafield ind1=" " ind2=" " tag="653">
<subfield code="a">Assignment optimization</subfield>
</datafield>
<datafield ind1=" " ind2=" " tag="653">
<subfield code="a">Network fragmentation</subfield>
</datafield>
<datafield ind1=" " ind2=" " tag="653">
<subfield code="a">Multi-objective optimization</subfield>
</datafield>
<datafield ind1=" " ind2=" " tag="653">
<subfield code="a">Equitable risk distribution</subfield>
</datafield>
<datafield tag="245" ind1="0" ind2="0">
<subfield code="a">Optimizing classroom assignments to minimize epidemiological risk: the sibling rewiring problem</subfield>
</datafield>
</record></metadata></record></GetRecord></OAI-PMH>